00839nam a2200253 a 450000100060000000300080000600500170001400800410003103500200007204000350009204100080012708200250013510000340016024500740019426000400026830000250030849000360033350000700036950400290043965000230046865000250049165000330051683000360054970307BD-RjUL20211209082002.0170417s1968 enka b 000 0 eng d a(BD-RjUL) 70521 aBD-RjULbengcBD-RjULdBD-RjUL aeng 223a516.35bMAA 19681 aMacdonald, I. G.q(Ian Grant)10aAlgebraic geometry :bintroduction to schemes /c[by] I. G. Macdonald aNew York :bW. A. Benjamin,cC1968. avii, 113 p. ;c24 cm aMathematics lecture note series a"Based on lectures given at the University of Sussex in 1964-65." aBibliography: p. 112-113 0aAlgebraic topology 0aGeometry, Algebraic. 0aSchemes (Algebraic geometry) 0aMathematics lecture note series